| 000 | 00377nam a22001457a 4500 | ||
|---|---|---|---|
| 008 | 241002b |||||||| |||| 00| 0 eng d | ||
| 020 | _a97815695701095 | ||
| 082 | _a294.3 | ||
| 100 | _aTrungpa Chogyam | ||
| 245 | _aCutting through spiritual Materialism | ||
| 260 |
_aMassachusetts : _bShambala, _c2012. |
||
| 300 |
_ap. 251; _c23 Cm. |
||
| 942 | _2ddc | ||
| 999 |
_c10056 _d10057 |
||